[Event "ITA-chTB 43rd"]
[Site "Sant'Anastasia"]
[Date "2011.03.27"]
[Round "6"]
[White "Femiano, Andrea"]
[Black "Verardi, Alessandro"]
[Result "1/2-1/2"]
[WhiteElo "2097"]
[BlackElo "1913"]
[PlyCount "58"]
[EventDate "2011.03.25"]
[EventType "swiss"]
[EventRounds "7"]
[EventCountry "ITA"]
[SourceTitle "EXT 2014"]
[Source "ChessBase"]
[SourceDate "2013.11.20"]
[SourceVersion "1"]
[SourceVersionDate "2013.11.20"]
[SourceQuality "1"]

1. e4 c5 2. Nf3 Nc6 3. d4 cxd4 4. Nxd4 Nf6 5. Nc3 e5 6. Ndb5 d6 7. Nd5 Nxd5 8. exd5 Ne7 9. c4 Nf5 10. Be2 Be7 11. 0-0 0-0 12. a3 Bd7 13. Nc3 Re8 14. b4 Nd4 15. f4 Bf6 16. Ra2 exf4 17. Bxf4 Nxe2+ 18. Nxe2 Qb6+ 19. Kh1 Re4 20. Qd3 Rae8 21. Ng3 Rd4 22. Qb3 Qc7 23. Rc2 Bf5 24. Rcc1 Bg6 25. c5 Rxf4 26. Rxf4 Bg5 27. Rfc4 Bxc1 28. Rxc1 dxc5 29. Qa4 Qe5 1/2-1/2

[Event "ITA-chTB 43rd"]
[Site "Sant'Anastasia"]
[Date "2011.03.25"]
[Round "1"]
[White "Napoli, Nicolo"]
[Black "Verardi, Alessandro"]
[Result "1-0"]
[WhiteElo "2324"]
[BlackElo "1913"]
[PlyCount "59"]
[EventDate "2011.03.25"]
[EventType "swiss"]
[EventRounds "7"]
[EventCountry "ITA"]
[SourceTitle "EXT 2014"]
[Source "ChessBase"]
[SourceDate "2013.11.20"]
[SourceVersion "1"]
[SourceVersionDate "2013.11.20"]
[SourceQuality "1"]

1. d4 Nf6 2. Bg5 d5 3. Bxf6 exf6 4. e3 Bd6 5. c4 dxc4 6. Bxc4 0-0 7. Nc3 c5 8. d5 f5 9. Nf3 Nd7 10. Qc2 Ne5 11. Be2 Rb8 12. a4 a6 13. Nd2 Re8 14. 0-0 Qh4 15. f4 Ng4 16. Bxg4 fxg4 17. Nc4 Qf6 18. Rad1 b5 19. Nxd6 Qxd6 20. e4 f6 21. Qf2 Rb7 22. e5 fxe5 23. Ne4 Qg6 24. f5 Qb6 25. a5 Qxa5 26. Nd6 Rbe7 27. Nxe8 Rxe8 28. Qxc5 Rf8 29. d6 Bd7 30. Qc7 1-0